| 000 | 00345 a2200145 4500 | ||
|---|---|---|---|
| 001 | 167010 | ||
| 020 | _a | ||
| 040 | _cMagnum | ||
| 100 | _aValente, Jose Armando (Org.) | ||
| 240 | 1 | 0 |
_aO computador na sociedade do conhecimento _lpor |
| 245 | 1 | 0 | _aO computador na sociedade do conhecimento |
| 362 | 0 | _a1899 | |
| 697 | _aGERAL | ||
| 942 | _cBK | ||
| 999 |
_c167010 _d167010 |
||